LIBRARY & INFORMATION CENTRE, KCAET, TAVANUR

ONLINE PUBLIC ACCESS CATALOGUE (OPAC)

Normal view MARC view
  • Love, George H

Entry Personal Name

Number of records used in: 1

001 - CONTROL NUMBER

  • control field: 3273

003 - CONTROL NUMBER IDENTIFIER

  • control field: OSt

005 - DATE AND TIME OF LATEST TRANSACTION

  • control field: 20180818123538.0

008 - FIXED-LENGTH DATA ELEMENTS

  • fixed length control field: 180818|| aca||aabn | a|a d

040 ## - CATALOGING SOURCE

  • Original cataloging agency: OSt
  • Transcribing agency: OSt

100 ## - HEADING--PERSONAL NAME

  • Personal name: Love, George H

670 ## - SOURCE DATA FOUND

  • Source citation: Work cat.: (OSt): Love, George H, Theory and practice of woodwork, 1963
free website counter